<?xml version="1.0" encoding="UTF-8"?>
<record
    xmlns:xsi="http://www.w3.org/2001/XMLSchema-instance"
    xsi:schemaLocation="http://www.loc.gov/MARC21/slim http://www.loc.gov/standards/marcxml/schema/MARC21slim.xsd"
    xmlns="http://www.loc.gov/MARC21/slim">

  <leader>03328    a2200313   4500</leader>
  <controlfield tag="003">OSt</controlfield>
  <controlfield tag="005">20240904144220.0</controlfield>
  <controlfield tag="007">cr ||||||a|c|a</controlfield>
  <controlfield tag="008">230306s2022    mx a|||fom||| 001 0 spa d</controlfield>
  <datafield tag="040" ind1=" " ind2=" ">
    <subfield code="c">CHAP</subfield>
  </datafield>
  <datafield tag="100" ind1="1" ind2=" ">
    <subfield code="9">130788</subfield>
    <subfield code="a">Mart&#xED;nez Ayala, Kevin</subfield>
  </datafield>
  <datafield tag="245" ind1="1" ind2="0">
    <subfield code="a">Comportamiento agron&#xF3;mico de plantas de jitomate establecidas en un arreglo de dosel escaleriforme en periodos de alta densidad de poblaci&#xF3;n /</subfield>
    <subfield code="c">por Kevin Mart&#xED;nez Ayala ; director de tesis Felipe S&#xE1;nchez del Castillo.</subfield>
  </datafield>
  <datafield tag="264" ind1=" " ind2="1">
    <subfield code="a">Chapingo, M&#xE9;xico :</subfield>
    <subfield code="b">El autor,</subfield>
    <subfield code="c">2022.</subfield>
  </datafield>
  <datafield tag="300" ind1=" " ind2=" ">
    <subfield code="a">1 recurso en l&#xED;nea (71 p&#xE1;ginas) :</subfield>
    <subfield code="b">cuadros, figuras.</subfield>
  </datafield>
  <datafield tag="336" ind1=" " ind2=" ">
    <subfield code="2">rdacontent</subfield>
    <subfield code="a">texto </subfield>
    <subfield code="b">txt</subfield>
  </datafield>
  <datafield tag="337" ind1=" " ind2=" ">
    <subfield code="2">rdamedia</subfield>
    <subfield code="a">computadora</subfield>
    <subfield code="b">c</subfield>
  </datafield>
  <datafield tag="338" ind1=" " ind2=" ">
    <subfield code="2">rdacarrier</subfield>
    <subfield code="a">recurso en l&#xED;nea</subfield>
    <subfield code="b">cr</subfield>
  </datafield>
  <datafield tag="502" ind1=" " ind2=" ">
    <subfield code="b">MCH</subfield>
    <subfield code="c">Fitotecnia</subfield>
    <subfield code="d">2022.</subfield>
    <subfield code="g">MAE</subfield>
  </datafield>
  <datafield tag="504" ind1=" " ind2=" ">
    <subfield code="a">Incluye literatura citada : 52-59.</subfield>
  </datafield>
  <datafield tag="520" ind1=" " ind2=" ">
    <subfield code="a">Comportamiento agron&#xF3;mico de plantas de jitomate establecidas en un arreglo de dosel escaleriforme en periodos de alta densidad de poblaci&#xF3;n Como alternativa productiva para incrementar el rendimiento de jitomate hidrop&#xF3;nico en invernadero, se tuvo como objetivo evaluar el efecto ejercido sobre el cultivo derivado de diferentes arreglos del dosel, uniforme o escaleriforme, y la aplicaci&#xF3;n del retardador de crecimiento paclobutrazol, utilizando un nuevo sistema de producci&#xF3;n basado en tres fases de cultivo (semillero, fase intermedia a una densidad de poblaci&#xF3;n de 30 plantas m-2 y fase final a una densidad de 8 plantas m-2) con plantas despuntadas a tres racimos. Se utiliz&#xF3; un dise&#xF1;o experimental de bloques completos al azar con doce y cuatro repeticiones, dependiendo de la fase en la que se encontrara el cultivo. Se realizaron mediciones de diferentes variables morfol&#xF3;gicas (altura y ancho de planta, grosor del tallo e &#xED;ndice de &#xE1;rea foliar), de acumulaci&#xF3;n de biomasa (raz&#xF3;n de &#xE1;rea foliar y peso seco) a los 45, 75 y 90 d&#xED;as despu&#xE9;s de la siembra, as&#xED; como mediciones del rendimiento final dentro y entre los tratamientos (n&#xFA;mero y peso total de frutos). En el presente trabajo, el crecimiento de las plantas a lo largo de su ciclo de cultivo fue menor a lo esperado y no caus&#xF3; efectos detectables de competencia por luz, independientemente de la aplicaci&#xF3;n del retardador de crecimiento, por lo que no hubo diferencias entre los tratamientos producidas por la disposici&#xF3;n de las hileras de plantas durante la fase intermedia de cultivo a pesar de la alta densidad de poblaci&#xF3;n que se aplic&#xF3; temporalmente. No obstante, en base a los resultados obtenidos, se mostr&#xF3; que es posible alcanzar los siete ciclos de producci&#xF3;n anual que ofrece este nuevo sistema de producci&#xF3;n. Sin embargo, el rendimiento por unidad de superficie fue relativamente bajo, por lo que se plantean sugerencias de trabajos experimentales encaminados a mejorarlo.</subfield>
  </datafield>
  <datafield tag="650" ind1=" " ind2="4">
    <subfield code="9">113702</subfield>
    <subfield code="a">Tomate</subfield>
    <subfield code="x">Crecimiento</subfield>
  </datafield>
  <datafield tag="650" ind1=" " ind2="4">
    <subfield code="9">113761</subfield>
    <subfield code="a">Tomate</subfield>
    <subfield code="x">Rendimiento</subfield>
  </datafield>
  <datafield tag="650" ind1=" " ind2="4">
    <subfield code="9">113737</subfield>
    <subfield code="a">Tomate</subfield>
    <subfield code="x">Mejoramiento</subfield>
  </datafield>
  <datafield tag="650" ind1=" " ind2="4">
    <subfield code="9">131429</subfield>
    <subfield code="a">Reguladores de crecimiento de las plantas</subfield>
    <subfield code="x">An&#xE1;lisis</subfield>
  </datafield>
  <datafield tag="650" ind1=" " ind2="4">
    <subfield code="9">132811</subfield>
    <subfield code="a">Tomate</subfield>
    <subfield code="x">Densidad de siembra</subfield>
  </datafield>
  <datafield tag="700" ind1="1" ind2=" ">
    <subfield code="9">107463</subfield>
    <subfield code="a">S&#xE1;nchez del Castillo, Felipe</subfield>
    <subfield code="e">Director de tesis.</subfield>
  </datafield>
  <datafield tag="856" ind1=" " ind2=" ">
    <subfield code="u">http://10.13.5.2/tesis/tm/1913280-2 _MARTINEZ_AYALA_KEVIN.pdf</subfield>
    <subfield code="z">DESCARGAR PDF</subfield>
  </datafield>
  <datafield tag="942" ind1=" " ind2=" ">
    <subfield code="c">TD</subfield>
    <subfield code="2">Clasificaci&#xF3;n Universidad Aut&#xF3;noma Chapingo</subfield>
  </datafield>
  <datafield tag="999" ind1=" " ind2=" ">
    <subfield code="c">218506</subfield>
    <subfield code="d">218506</subfield>
  </datafield>
  <datafield tag="952" ind1=" " ind2=" ">
    <subfield code="0">0</subfield>
    <subfield code="1">0</subfield>
    <subfield code="2">local</subfield>
    <subfield code="4">0</subfield>
    <subfield code="5">1</subfield>
    <subfield code="7">0</subfield>
    <subfield code="8">TesDigM</subfield>
    <subfield code="a">BD</subfield>
    <subfield code="b">BD</subfield>
    <subfield code="c">E_L</subfield>
    <subfield code="d">2023-06-27</subfield>
    <subfield code="l">0</subfield>
    <subfield code="o">Tesis digital</subfield>
    <subfield code="r">2023-06-27 00:00:00</subfield>
    <subfield code="w">2023-06-27</subfield>
    <subfield code="y">TD</subfield>
  </datafield>
</record>
